Tilastot visalle Jyväskylän kaupunginosat

Klikkaa tästä pelataksesi tätä visaa!

Yleistilastot

  • Tätä visaa on pelattu 59 kertaa
  • Keskiarvotulos 25 / 86

Vastaustilastot

SuuralueKaupunginosa% Oikein
Kantakaupunki 1.Keskusta
88%
Vaajakoski-Jyskä 66.Jyskä
85%
Keljo 10.Keljo
85%
Kuokkala 23.Kuokkala
85%
Vaajakoski-Jyskä 69.Vaajakoski
85%
Keltinmäki-Myllyjärvi 18.Keltinmäki
82%
Palokka-Puuppola 41.Palokka
82%
Kypärämäki-Kortepohja 17.Kortepohja
79%
Kantakaupunki 4.Lutakko
76%
Huhtasuo 20.Huhtasuo
74%
Kypärämäki-Kortepohja 7.Kypärämäki
74%
Palokka-Puuppola 52.Puuppola
74%
Lohikoski-Seppälänkangas 19.Seppälänkangas
74%
Lohikoski-Seppälänkangas 13.Lohikoski
71%
Säynätsalo 31.Säynätsalo
71%
Tikkakoski-Nyrölä 62.Tikkakoski
65%
Kuohu-Vesanka 54.Vesanka
65%
Kantakaupunki 3.Puistola
59%
Halssila 16.Halssila
56%
Kuohu-Vesanka 55.Kuohu
56%
Kantakaupunki 6.Mäki-Matti
56%
Tikkakoski-Nyrölä 58.Nyrölä
56%
Keljo 21.Keljonkangas
53%
Kantakaupunki 2.Harju
47%
Kypärämäki-Kortepohja 8.Savela
47%
Kantakaupunki 14.Tourula
47%
Kuokkala 24.Kuokkalanpelto
38%
Kantakaupunki 5.Matttilanpelto
38%
Säynätsalo 33.Muuratsalo
38%
Kantakaupunki 11.Nisula
38%
Kantakaupunki 12.Taulumäki
38%
Kuokkala 22.Ristonmaa
35%
Tikkakoski-Nyrölä 60.Kuikka
29%
Kantakaupunki 9.Kukkumäki
26%
Kuokkala 26.Nenäinniemi
26%
Palokka-Puuppola 45.Kirri
24%
Kantakaupunki 29.Mannila
24%
Kypärämäki-Kortepohja 38.Ruoke
24%
Palokka-Puuppola 46.Heikkilä
21%
Huhtasuo 15.Kangasvuori
21%
Kuokkala 25.Ristikivi
21%
Säynätsalo 32.Lehtisaari
18%
Keltinmäki-Myllyjärvi 35.Taka-Keljo
18%
Vaajakoski-Jyskä 68.Haapaniemi
15%
Palokka-Puuppola 44.Haukkamäki
12%
Vaajakoski-Jyskä 70.Kaunisharju
12%
Palokka-Puuppola 51.Jylhänperä
9%
Vaajakoski-Jyskä 72.Kanavuori
9%
Palokka-Puuppola 47.Pappilanvuori
9%
Korpilahti 85.Tähtiniemi
9%
Tikkakoski-Nyrölä 61.Tikka-Mannila
9%
Lohikoski-Seppälänkangas 48.Tyyppälä
9%
Lohikoski-Seppälänkangas 64Ankeriasjärvi
6%
Keljo 30.Etelä-Keljo
6%
Kuokkala 27.Hämeenlahti
6%
Keltinmäki-Myllyjärvi 36.Hanhiperä
6%
Korpilahti 88.Hirvimäki-Puolakka
6%
Korpilahti 83.Kemppaisenmäki
6%
Säynätsalo 34.Kinkovuori
6%
Korpilahti 80.Kirkonmäki
6%
Korpilahti 86.Korpiaho
6%
Korpilahti 84.Kotamäki
6%
Vaajakoski-Jyskä 76.Pohjola
6%
Keljo 28.Sääksvuori
6%
Palokka-Puuppola 53.Saarenmaa
6%
Vaajakoski-Jyskä 71.Tölskä
6%
Vaajakoski-Jyskä 67.Väinölä
6%
Korpilahti 89.Vespuoli
6%
Palokka-Puuppola 49.Hiekkapohja
3%
Vaajakoski-Jyskä 73.Hupeli
3%
Korpilahti 81.Ikolanmäki
3%
Korpilahti 82.Iloniemi
3%
Tikkakoski-Nyrölä 63.Kuukanpää
3%
Vaajakoski-Jyskä 74.Laajaranta
3%
Vaajakoski-Jyskä 78.Leppälahti
3%
Palokka-Puuppola 42.Mannisenmäki
3%
Palokka-Puuppola 50.Matinmäki
3%
Vaajakoski-Jyskä 75.Oravasaari
3%
Vaajakoski-Jyskä 77.Pitkäjärvi
3%
Vaajakoski-Jyskä 65.Sulunperä
3%
Korpilahti 87.Tikkala
3%
Keltinmäki-Myllyjärvi 37.Valkeamäki
3%
Kuohu-Vesanka 56.Varsalanperä
3%
Palokka-Puuppola 57.Vertaala
3%
Vaajakoski-Jyskä 79.Mehtovuori
0%
Palokka-Puuppola 43.Rippalanmäki
0%

Tulosjakauma

Persentiili vastausten määrän mukaan

Jokaisen tuloksen saaneiden osuus

Tuloshistoriasi

Et ole pelannut tätä visaa